<?xml version="1.0" encoding="UTF-8"?>
<record
    xmlns:xsi="http://www.w3.org/2001/XMLSchema-instance"
    xsi:schemaLocation="http://www.loc.gov/MARC21/slim http://www.loc.gov/standards/marcxml/schema/MARC21slim.xsd"
    xmlns="http://www.loc.gov/MARC21/slim">

  <leader>00803nab a22002177a 4500</leader>
  <controlfield tag="001">9782</controlfield>
  <controlfield tag="003">KOHA_M&#x130;RAKIL</controlfield>
  <controlfield tag="005">20230714052812.0</controlfield>
  <controlfield tag="008">230712b        tu ||||| |||| 00| 0 tur d</controlfield>
  <datafield tag="020" ind1=" " ind2=" ">
    <subfield code="a">975-6689-03-X</subfield>
  </datafield>
  <datafield tag="040" ind1=" " ind2=" ">
    <subfield code="a">TR-AnANB</subfield>
    <subfield code="b">tur</subfield>
    <subfield code="c">TR-AnANB</subfield>
  </datafield>
  <datafield tag="090" ind1=" " ind2=" ">
    <subfield code="a">Bilimsel Toplant&#x131;lar-39</subfield>
  </datafield>
  <datafield tag="245" ind1=" " ind2="0">
    <subfield code="a">&#xC7;a&#x11F;da&#x15F; ve Laik Bir Toplum Yarat&#x131;lmas&#x131;nda Medeni Kanunun Rol&#xFC; /</subfield>
    <subfield code="c">Oturum Baakan&#x131; Bildiri Sahibi, Prof Dr Ahmet K&#x131;l&#x131;&#xE7;o&#x11F;lu, Tart&#x131;&#x15F;mac&#x131;lar, Av. Sema Kendirci, ProfiDr. Erzan Erzurumluo&#x11F;lu.</subfield>
  </datafield>
  <datafield tag="246" ind1=" " ind2=" ">
    <subfield code="a">Ankara Barosu Hukuk Kurultay&#x131; 2000 (12-16 Ocak 2000 Ankara) Cilt-3 &#xD6;zel Hukuk, Bas&#x131;n Hukuku</subfield>
  </datafield>
  <datafield tag="250" ind1=" " ind2=" ">
    <subfield code="a">1.Bas&#x131;m</subfield>
  </datafield>
  <datafield tag="260" ind1=" " ind2=" ">
    <subfield code="a">Ankara:</subfield>
    <subfield code="b">Ankara Barosu,</subfield>
    <subfield code="c">2000.</subfield>
  </datafield>
  <datafield tag="300" ind1=" " ind2=" ">
    <subfield code="a">Sayfa 7-41</subfield>
  </datafield>
  <datafield tag="310" ind1=" " ind2=" ">
    <subfield code="a">G&#xFC;nl&#xFC;k</subfield>
  </datafield>
  <datafield tag="650" ind1=" " ind2=" ">
    <subfield code="a">Konferans ve Paneller</subfield>
  </datafield>
  <datafield tag="942" ind1=" " ind2=" ">
    <subfield code="2">ddc</subfield>
    <subfield code="c">AR</subfield>
  </datafield>
  <datafield tag="952" ind1=" " ind2=" ">
    <subfield code="0">0</subfield>
    <subfield code="1">0</subfield>
    <subfield code="2">ddc</subfield>
    <subfield code="7">0</subfield>
    <subfield code="a">AB</subfield>
    <subfield code="b">AB</subfield>
    <subfield code="d">2023-07-12</subfield>
    <subfield code="l">0</subfield>
    <subfield code="o">Bilimsel Toplant&#x131;lar-39</subfield>
    <subfield code="p">M02424-1</subfield>
    <subfield code="r">2023-07-14</subfield>
    <subfield code="w">2023-07-14</subfield>
    <subfield code="y">AR</subfield>
  </datafield>
  <datafield tag="999" ind1=" " ind2=" ">
    <subfield code="c">13046</subfield>
    <subfield code="d">13046</subfield>
  </datafield>
</record>
